Fundamentals of nuclear reactor physics (Record no. 168848)
[ view plain ]
| 000 -LEADER | |
|---|---|
| fixed length control field | 00565nam a2200217Ia 4500 |
| 003 - CONTROL NUMBER IDENTIFIER | |
| control field | OSt |
| 005 - DATE AND TIME OF LATEST TRANSACTION | |
| control field | 20230329105954.0 |
| 008 - FIXED-LENGTH DATA ELEMENTS--GENERAL INFORMATION | |
| fixed length control field | 210423s2008 xx 000 0 und d |
| 020 ## - INTERNATIONAL STANDARD BOOK NUMBER | |
| International Standard Book Number | 978-0-12-370631-7 |
| 040 ## - CATALOGING SOURCE | |
| Transcribing agency | AL |
| 041 ## - LANGUAGE CODE | |
| Language code of text/sound track or separate title | eng |
| 082 ## - DEWEY DECIMAL CLASSIFICATION NUMBER | |
| Classification number | 539.7 |
| Edition number | 23 |
| Item number | LEWF |
| 100 ## - MAIN ENTRY--PERSONAL NAME | |
| Personal name | LEWIS (E E) |
| 9 (RLIN) | 79496 |
| 245 ## - TITLE STATEMENT | |
| Title | Fundamentals of nuclear reactor physics |
| 260 ## - PUBLICATION, DISTRIBUTION, ETC. | |
| Place of publication, distribution, etc. | USA |
| Name of publisher, distributor, etc. | Elsevier |
| Date of publication, distribution, etc. | 2008 |
| 300 ## - PHYSICAL DESCRIPTION | |
| Extent | xv,293 |
| Other physical details | HB |
| 365 ## - TRADE PRICE | |
| Price amount | 6936.8 |
| Currency code | USD |
| 650 ## - SUBJECT ADDED ENTRY--TOPICAL TERM | |
| Topical term or geographic name entry element | Nuclear Physics |
| 9 (RLIN) | 79497 |
| 906 ## - LOCAL DATA ELEMENT F, LDF (RLIN) | |
| a | Fundamentals ; nuclear ; physics ; reactor |
| 942 ## - ADDED ENTRY ELEMENTS (KOHA) | |
| Source of classification or shelving scheme | Dewey Decimal Classification |
| Koha item type | Book |
| Withdrawn status | Lost status | Damaged status | Not for loan | Collection code | Home library | Current library | Date acquired | Source of acquisition | Cost, normal purchase price | Total Checkouts | Full call number | Barcode | Date last seen | Price effective from | Koha item type |
|---|---|---|---|---|---|---|---|---|---|---|---|---|---|---|---|
| Physics | St Aloysius PG Library | St Aloysius PG Library | 10/26/2017 | Intact Bookhouse | 6936.80 | 539.7 LEWF | PG015350 | 08/24/2022 | 04/26/2021 | Book |